| 000 | 00401nam a2200169Ia 4500 | ||
|---|---|---|---|
| 008 | 180207s9999 xx 000 0 und d | ||
| 020 | _a688096999 | ||
| 050 | _bH513 1991 | ||
| 100 | _aHenkes, Kevin. | ||
| 245 | _aChrysanthemum / | ||
| 245 | _cKevin Henkes. | ||
| 260 | _aNew York : | ||
| 260 | _bGreenwillow Books, | ||
| 260 | _c1991 | ||
| 300 | _aunpaged : | ||
| 300 | _bcolor illustration ; | ||
| 999 |
_c355052 _d355052 |
||